Former or Current Flag? - Statistics

General Stats
  • This quiz has been taken 72 times
  • The average score is 13 of 15
Answer Stats
Question Answer % Correct
Current
100%
Former
100%
Current
98%
Former
98%
Former
98%
Current
97%
Current
95%
Former
95%
Current
94%
Former
90%
Current
87%
Former
87%
Current
84%
Former
68%
Former
52%
No matching quizzes found
Score Distribution
Percent of People with Each Score
Percentile by Number Answered
Your Score History
You have not taken this quiz